Responses for Show #4450 - Friday, January 2, 2004

Game data retrieved from an alternate archive.

Contestants

[<< previous game]

Luke McConnell, a student from Carmel, Indiana

Joe Wolke, a vice president of IT communications and information from Northbrook, Illinois

Faith O'Neal, an attorney from New York, New York (whose 1-day cash winnings total $12,000)

[next game >>]

Jeopardy! Round responses

NEW YEAR'S RESOLUTIONS
HOOP-LA
NOBEL PEACE PRIZE WINNERS
GRAMBLING MARCHING BAND
FICTIONAL CHARACTERS
W.W.
    $200 7
dental floss

Faith
    $200 4
(Faith: What are dunk shots?)

free throws

FaithLuke
    $200 3
Mother Teresa

Joe
    $200 18
(Luke: What is a halftime show?)

the Super Bowl

Luke
Triple Stumper
    $200 1
Mr. Chips

Luke
    $200 23
white wine

Luke
    $400 8
Meals on Wheels

Joe
    $400 5
the ABA

Luke
    $400 9
(Faith: Who is Lech Walesa?)

Mikhail Gorbachev

FaithJoe
    $400 19
Sears

Luke
    $400 2
Professor Moriarty

Joe
    $400 24
Wilbur Wright

Luke
    $600 13
a rainy day fund

Joe
    $600 6
UNLV

Joe
    $600 28
Martin Luther King, Jr.

Luke
    $600 20
Liberia

Luke
    $600 10
Lolita

Luke
    $600 25
White Wedding

Luke
    $800 14
to spend time with one's family

Luke
    $800 16
Wilt Chamberlain

Luke
    $800 29
Menachem Begin & Anwar Sadat

Faith
    $2,000 21
Bill Clinton

Luke
    $800 11
Bridget Jones

Luke
    $800 26
Women's Wear

Faith
    $1000 15
(Luke: What is suana?)

Bikram

Luke
Triple Stumper
    $1000 17
Utah

Luke
    $1000 30
(Joe: Who is U Thant?)

Dag Hammarskjold

Joe
Triple Stumper
    $1000 22
Eddie Robinson

Triple Stumper
    $1000 12
Gravity's Rainbow

Faith
    $1000 27
(Joe: What are whaler's wives?)

widow's walk

Joe
Triple Stumper

Scores at the first commercial break (after clue 15):

Faith Joe Luke
$600 $2,600 $2,000

Scores at the end of the Jeopardy! Round:

Faith Joe Luke
$2,200 $600 $8,400

Double Jeopardy! Round responses

WEST AFRICA
THE SINGER PORTRAYED
17th CENTURY NAMES
CRAFTS
ANIMALS AMONG US
EASY AS "PIE"
    $400 24
Lagos

Faith
    $400 12
Billie Holiday

Joe
    $400 6
The Mayflower

Faith
    $400 17
a mosaic

Joe
    $400 5
dolphins

Faith
    $400 1
the pieman

Joe
    $800 27
(Faith: What is Ethiopia?)

the Canary Islands

FaithLuke
    $800 13
Loretta Lynn

Faith
    $800 7
the Taj Mahal

Luke
    $800 19
an afghan

Joe
    $800 9
the raccoon

Joe
    $800 2
a pied piper

Luke
    $1200 28
the Congo

Triple Stumper
    $1200 14
Selena

Luke
    $1200 8
Richelieu

Joe
    $1200 20
a loom

Joe
    $1200 10
(Luke: What are woolly mammoths?)
(Joe: What are mastodons?)

mammoths

JoeLuke
Triple Stumper
    $1200 3
pie in the sky

Luke
    $1600 29
[The end-of-round signal sounds.]

Portugal

Joe
    $2,000 15
(Luke: [No response])

Ritchie Valens

Luke
    $1600 25
Moliere

Faith
    $2,000 21
cross stitch

Joe
    $1600 18
a lamb (or sheep)

Triple Stumper
    $1600 4
a pork pie hat

Joe
    $2000 16
Jerry Lee Lewis

Luke
    $2000 26
The Compleat Angler

Faith
    $2000 22
kachina dolls

Triple Stumper
    $2000 23
Cincinnati

Luke
    $2000 11
piebald

Triple Stumper

Scores at the end of the Double Jeopardy! Round:

Faith Joe Luke
$7,000 $9,800 $14,000

[wagering suggestions for these scores]

Final Jeopardy! Round responses

NAMED FOR
FaithWhat is banjo playing?
$5,000
JoeWhat is banjo playing?
$5,000
LukeWhat is piano playing?
$5,601
banjo picking (or playing)

Final scores:

Faith Joe Luke
$12,000 $14,800 $8,399
2nd place: $2,000 New champion: $14,800 3rd place: $1,000

Game dynamics:

Coryat scores:

Faith Joe Luke
$7,000 $9,400 $14,800
10 R,
3 W
16 R
(including 1 DD),
3 W
22 R
(including 1 DD),
4 W
(including 1 DD)

Combined Coryat: $31,200

[game clues] [game scores] [suggest correction]

Game tape date: 2003-10-28
The J! Archive is created by fans, for fans. Scraping, republication, monetization, and malicious use prohibited; this site may use cookies and collect identifying information. See terms. The Jeopardy! game show and all elements thereof, including but not limited to copyright and trademark thereto, are the property of Jeopardy Productions, Inc. and are protected under law. This website is not affiliated with, sponsored by, or operated by Jeopardy Productions, Inc. Join the discussion at JBoard.tv.